书目信息 |
| 题名: |
中国农村人口的收入与养老
|
|
| 作者: | 宋健 著 | |
| 分册: | ||
| 出版信息: | 北京 中国人民大学出版社 2006 |
|
| 页数: | 229页 | |
| 开本: | 21cm | |
| 丛书名: | ||
| 单 册: | ||
| 中图分类: | F323.8 , F323.89 , F323.89 | |
| 科图分类: | ||
| 主题词: | 农民--收入--研究--中国 , 农村--老年人--社会保障--研究x中国 , 收入 , 农村 , 农民 , 社会保障 , 老年人 | |
| 电子资源: | ||
| ISBN: | 7-300-07303-4 | |
| 000 | 01071nam0 2200349 450 | |
| 000 | 01050nam0 2200337 450 | |
| 000 | 00981nam0 2200313 450 | |
| 000 | 00945nam0 2200301 45 | |
| 005 | 20070606182122.25 | |
| 010 | @a7-300-07303-4@dCNY16.80 | |
| 100 | @a20070519d2006 em y0chiy0120 ea | |
| 101 | 0 | @achi |
| 102 | @aCN@b110000 | |
| 105 | @ay z 000yy | |
| 200 | 1 | @a中国农村人口的收入与养老@AZhong Guo Nong Cun Ren Kou De Shou Ru Yu Yang Lao@f宋健著@FSong Jian Zhu |
| 210 | @a北京@c中国人民大学出版社@d2006 | |
| 215 | @a229页@d21cm | |
| 300 | @a中国人民大学“211工程”建设成果 | |
| 330 | @a本书是一部从社会学和人口学的角度系统论述中国农村人口收入与养老保障问题的学术著作。 | |
| 606 | 0 | @a农民@x收入@x研究@x中国 |
| 606 | 0 | @a农村@x老年人@x社会保障@x研究x中国 |
| 606 | 0 | @a收入 |
| 606 | 0 | @a农村 |
| 606 | 0 | @a农民 |
| 606 | 0 | @a社会保障 |
| 606 | 0 | @a老年人 |
| 690 | @aF323.8@v4 | |
| 690 | @aF323.89@v4 | |
| 690 | @aF323.89@v3 | |
| 701 | 0 | @a宋健@ASong Jian@c(法学博士)@4著 |
| 801 | 0 | @aCN@bTAOJIN@c20070606 |
| 905 | @a10447@dF323.89@e79 | |
| 中国农村人口的收入与养老/宋健著.-北京:中国人民大学出版社,2006 |
| 229页;21cm |
| 中国人民大学“211工程”建设成果 |
| ISBN 7-300-07303-4:CNY16.80 |
| 本书是一部从社会学和人口学的角度系统论述中国农村人口收入与养老保障问题的学术著作。 |
| ● |
| 相关链接 |
|
|
|
|
正题名:中国农村人口的收入与养老
索取号:F323.89/79
 
预约/预借
| 序号 | 登录号 | 条形码 | 馆藏地/架位号 | 状态 | 备注 |
| 1 | 0526889 | 205268896 | 第一样本阅览室/ [索取号:F323.89/79] | 在馆 | |
| 2 | 0526890 | 205268903 | 密集书库/ [索取号:F323.89/79] | 在馆 | |
| 3 | 0526891 | 205268912 | 第一借阅区/ [索取号:F323.89/79] | 在馆 | |
| 4 | 0526892 | 205268921 | 第一借阅区/ [索取号:F323.89/79] | 在馆 | |
| 5 | 0526893 | 205268930 | 第一借阅区/ [索取号:F323.89/79] | 在馆 | |
| 6 | 0526894 | 205268949 | 第一借阅区/ [索取号:F323.89/79] | 在馆 | |
| 7 | 0526895 | 205268958 | 密集书库/ [索取号:F323.89/79] | 在馆 | |
| 8 | 0526896 | 205268967 | 密集书库/ [索取号:F323.89/79] | 在馆 |